[Event "Bretagne-ch U14"]
[Site "Ploermel"]
[Date "2007.02.16"]
[Round "6"]
[White "Pouliquen, Mickael"]
[Black "Hamidi, Adam"]
[Result "1/2-1/2"]
[WhiteElo "1400"]
[BlackElo "1450"]
[PlyCount "65"]
[EventDate "2007.02.13"]
[EventType "tourn"]
[EventRounds "6"]
[EventCountry "FRA"]
[SourceTitle "EXT 2008"]
[Source "ChessBase"]
[SourceDate "2007.11.25"]
[SourceVersion "1"]
[SourceVersionDate "2007.11.25"]
[SourceQuality "1"]

1. Nf3 Nc6 2. d4 d5 3. c3 Nf6 4. Nbd2 Bf5 5. g3 e6 6. Bg2 Qd7 7. 0-0 0-0-0 8. a3 Bd6 9. b4 a6 10. Bb2 e5 11. Nxe5 Nxe5 12. dxe5 Bxe5 13. f4 Bd6 14. c4 Bh3 15. e3 Bxg2 16. Kxg2 Rdg8 17. Qf3 Qe6 18. Bxf6 gxf6 19. cxd5 Qd7 20. Ne4 Be7 21. Nc5 Bxc5 22. bxc5 Qb5 23. c6 b6 24. a4 Qc5 25. Rfe1 h5 26. Kf1 Qc4+ 27. Kg2 h4 28. Rh1 hxg3 29. hxg3 Qc2+ 30. Qf2 Qe4+ 31. Qf3 Qc2+ 32. Qf2 Qe4+ 33. Qf3 1/2-1/2

[Event "Hennebont Grand Prix U14"]
[Site "Hennebont"]
[Date "2006.08.06"]
[Round "7"]
[White "Pouliquen, Mickael"]
[Black "Le Courric, Ophelie"]
[Result "1-0"]
[WhiteElo "1280"]
[BlackElo "1140"]
[PlyCount "81"]
[EventDate "2006.08.06"]
[EventType "swiss"]
[EventRounds "7"]
[EventCountry "FRA"]
[SourceTitle "EXT 2008"]
[Source "ChessBase"]
[SourceDate "2007.11.25"]
[SourceVersion "1"]
[SourceVersionDate "2007.11.25"]
[SourceQuality "1"]

1. d4 e5 2. dxe5 d6 3. exd6 Bxd6 4. e4 Be6 5. Nc3 Nd7 6. Nf3 Ngf6 7. e5 Nxe5 8. Nxe5 Bxe5 9. Qxd8+ Rxd8 10. Bd2 Kd7 11. 0-0-0 Kc8 12. g3 Nd5 13. Bc4 Bd4 14. Bxd5 Bxd5 15. Nxd5 Rxd5 16. Be3 Rhd8 17. c4 Rc5 18. Bxd4 Rxc4+ 19. Bc3 Re8 20. Rhe1 Rf8 21. Kb1 g6 22. Bg7 Rg8 23. Bf6 b6 24. Re7 h5 25. Rxf7 Re8 26. Re7 Rf8 27. Bg5 Rxf2 28. Re8+ Kb7 29. b3 Rcc2 30. Bf6 Rxf6 31. Kxc2 Rf2+ 32. Rd2 Rf1 33. Rg8 Rf6 34. Kc3 a6 35. Kc4 b5+ 36. Kc5 Rf5+ 37. Rd5 Rf6 38. Rdd8 Rc6+ 39. Kb4 Ka7 40. Ra8+ Kb6 41. Rgb8# 1-0